书目信息 |
| 题名: |
常用中药的应用
|
|
| 作者: | 谢海洲 , 翁维健 编 | |
| 分册: | ||
| 出版信息: | 北京 人民卫生出版社 1983 |
|
| 页数: | 130页 | |
| 开本: | 19cm | |
| 丛书名: | ||
| 单 册: | ||
| 中图分类: | R285 , R93 | |
| 科图分类: | ||
| 主题词: | 中药学-临床应用 , 临床应用-中药学 , 生约学 | |
| 电子资源: | ||
| ISBN: | ||
| 000 | 00707nam0 2200265 450 | |
| 001 | 1533606589 | |
| 005 | 20150131092049.18 | |
| 010 | @dCNY0.36 | |
| 091 | @a14048.4415 | |
| 100 | @a19950704d1983 em y0chiy0110 ea | |
| 101 | 0 | @achi |
| 102 | @aCN@b110000 | |
| 105 | @ay z 000yy | |
| 200 | 1 | @a常用中药的应用@9chang yong zhong yao de ying yong@f谢海洲,翁维健编 |
| 210 | @a北京@c人民卫生出版社@d1983 | |
| 215 | @a130页@d19cm | |
| 606 | 0 | @a中药学-临床应用 |
| 606 | 0 | @a临床应用-中药学 |
| 606 | 0 | @a生约学 |
| 690 | @aR285@v5 | |
| 690 | @aR93@v4 | |
| 701 | 0 | @a谢海洲@9xie hai zhou@f(1922~)@4编 |
| 701 | 0 | @a翁维健@9weng wei jian@4编 |
| 801 | 0 | @aCN@bTSSF@c20150131 |
| 905 | @aZUCC@dR93@eJY84 | |
| 常用中药的应用/谢海洲,翁维健编.-北京:人民卫生出版社,1983 |
| 130页;19cm |
| ISBN :CNY0.36 |
| ● |
| 相关链接 |
|
|
|
|
正题名:常用中药的应用
索取号:R93/JY84
 
预约/预借
| 序号 | 登录号 | 条形码 | 馆藏地/架位号 | 状态 | 备注 |
| 1 | 7863107 | 278631072 | 学院路分馆/ [索取号:R93/JY84] | 在馆 | |
| 2 | 7863108 | 278631081 | 学院路分馆/ [索取号:R93/JY84] | 在馆 |